Լուսաբեր / (Record no. 212170)
[ view plain ]
| 000 -LEADER | |
|---|---|
| fixed length control field | 00850nam a2200229 u 4500 |
| 001 - CONTROL NUMBER | |
| control field | 000551347 |
| 003 - CONTROL NUMBER IDENTIFIER | |
| control field | AM-YeHGA |
| 005 - DATE AND TIME OF LATEST TRANSACTION | |
| control field | 20250618073129.0 |
| 008 - FIXED-LENGTH DATA ELEMENTS--GENERAL INFORMATION | |
| fixed length control field | 070924s1911 ai | |||||||||||||arm|d |
| 040 ## - CATALOGING SOURCE | |
| Original cataloging agency | AM-YeHGA |
| 041 0# - LANGUAGE CODE | |
| Language code of text/sound track or separate title | arm |
| 090 ## - LOCALLY ASSIGNED LC-TYPE CALL NUMBER (OCLC); LOCAL CALL NUMBER (RLIN) | |
| -- | 213683 |
| 100 1# - MAIN ENTRY--PERSONAL NAME | |
| Personal name | Լիսիցյան, Ստեփան Դանիելի, |
| Dates associated with a name | 1865-1947 |
| 9 (RLIN) | 1382 |
| 245 10 - TITLE STATEMENT | |
| Title | Լուսաբեր / |
| Statement of responsibility, etc. | Կազմ.՝ Ստ. Լիսիցեան, Յովհ. Թումանեան և ուրիշն. |
| 250 ## - EDITION STATEMENT | |
| Edition statement | 5-րդ տիպ |
| 260 ## - PUBLICATION, DISTRIBUTION, ETC. | |
| Place of publication, distribution, etc. | Թիֆլիս : |
| Name of publisher, distributor, etc. | տպ. Ն. Աղանեանցի, |
| Date of publication, distribution, etc. | 1911. |
| 300 ## - PHYSICAL DESCRIPTION | |
| Extent | Տարի ; |
| Dimensions | 26 սմ. |
| 505 10 - FORMATTED CONTENTS NOTE | |
| Miscellaneous information | Տարի Բ. (1911, 125 էջ, նկ.) |
| 650 14 - SUBJECT ADDED ENTRY--TOPICAL TERM | |
| Topical term or geographic name entry element | Այբբենարան |
| 9 (RLIN) | 5304 |
| 650 14 - SUBJECT ADDED ENTRY--TOPICAL TERM | |
| Topical term or geographic name entry element | Հայոց լեզու |
| Form subdivision | Ընթերցարան |
| 9 (RLIN) | 4817 |
| 700 1# - ADDED ENTRY--PERSONAL NAME | |
| Personal name | Թումանյան, Հովհաննես Թադևոսի, |
| Dates associated with a name | 1869-1923 |
| Relator term | կազմ. |
| Relationship | com |
| 9 (RLIN) | 1108 |
| Withdrawn status | Lost status | Source of classification or shelving scheme | Damaged status | Not for loan | Collection | Home library | Current library | Date acquired | Serial enumeration / chronology | Total checkouts | Full call number | Barcode | Date last seen | Price effective from | Koha item type | Public note |
|---|---|---|---|---|---|---|---|---|---|---|---|---|---|---|---|---|
| Universal Decimal Classification | General | Fundamental Scientific Library | Fundamental Scientific Library | 28/12/2016 | Տ. 2 | AIII/858 | FL0056064 | 28/12/2016 | 28/12/2016 | Գրքեր / Books | 30 Days Loan |
ՀՀ Գիտությունների ազգային ակադեմիայի հիմնարար գիտական գրադարան = Fundamental Scientific Library of NAS RA
All site content, except where otherwise noted, is licensed under a